000 00200 a2200097 4500
001 46595
100 _aMohsin, Pohpal
245 _aMujra
260 _aKarachi
_bEvan-i-Adab
_c
090 _c29706
_d29706
942 _aNUST-CAE
_cM
_c21898
999 _c281668
_d281668